Signals & Systems (Record no. 8120)

MARC details
000 -LEADER
fixed length control field 00346nam a2200145Ia 4500
008 - FIXED-LENGTH DATA ELEMENTS--GENERAL INFORMATION
fixed length control field 221030s9999 xx 000 0 und d
041 ## - LANGUAGE CODE
Language code of text/sound track or separate title
082 ## - DEWEY DECIMAL CLASSIFICATION NUMBER
Classification number 105.23
Item number Goy
100 ## - MAIN ENTRY--AUTHOR NAME
Personal name S. C. Goyal
245 #0 - TITLE STATEMENT
Title Signals & Systems
Statement of responsibility, etc by S. C. Goyal
260 ## - PUBLICATION, DISTRIBUTION, ETC. (IMPRINT)
Name of publisher Technical Pub.
Place of publication Pune
Year of publication 2001
300 ## - PHYSICAL DESCRIPTION
Number of Pages 526
650 ## - SUBJECT ADDED ENTRY--TOPICAL TERM
Topical Term BE Computer
942 ## - ADDED ENTRY ELEMENTS (KOHA)
Koha item type Books
Holdings
Accession Number Cost, normal purchase price Full call number Price effective from Koha item type Withdrawn / writtenoff status Materials specified (bound volume or other part) Damaged status Not for loan Permanent Location Current Location Shelving location Date acquired Lost/ Missing status department
BE 6219 190.00 105.23 Goy 10/30/2022 Books   Print   Not For Loan MIET Library, Jammu MIET Library, Jammu BL-Second, FL-1, CUP-77, SH-5, R-5 12/21/2002   BE
BE 6220 190.00 105.23 Goy 10/30/2022 Books   Print   Not For Loan MIET Library, Jammu MIET Library, Jammu BL-Academic Block - C, FL-2, CUP-50, SH-4, R-4 12/21/2002   BE
BE 6221 190.00 105.23 Goy 10/30/2022 Books   Print     MIET Library, Jammu MIET Library, Jammu BL-Academic Block - C, FL-2, CUP-50, SH-4, R-4 12/21/2004   BE
BE 6223 190.00 105.23 Goy 10/30/2022 Books   Print     MIET Library, Jammu MIET Library, Jammu BL-Academic Block - C, FL-2, CUP-50, SH-2, R-2 02/21/2002   BE